|
|
|
|
| LEADER |
01044cam a2200277 7i4500 |
| 001 |
0000077451 |
| 005 |
20230502090000.0 |
| 020 |
|
|
|a 9780071289559 (paperback)
|
| 020 |
|
|
|a 0071289550 (paperback)
|
| 090 |
0 |
0 |
|a HG188
|b .S28 2011
|
| 100 |
1 |
|
|a Saunders, Anthony
|
| 245 |
1 |
0 |
|a Financial institutions management :
|b a risk management approach
|c Anthony Saunders, Marcia Millon Cornett.
|
| 250 |
|
|
|a Seventh edition.
|
| 264 |
|
|
|a New York, NY:
|b McGraw-Hill,
|c 2011.
|
| 300 |
|
|
|a xxii, 884 pages:
|b illustrations;
|c 26 cm.
|
| 336 |
|
|
|a text
|2 rdacontent
|
| 337 |
|
|
|a unmediated
|2 rdamedia
|
| 338 |
|
|
|a volume
|2 rdacarrier
|
| 500 |
|
|
|a Gift: Prof. Dr. Md Sidin bin Ahmad Ishak
|
| 650 |
|
0 |
|a Risk management --
|z United States
|
| 650 |
|
0 |
|a Financial services industry --
|x Management --
|z United States
|
| 650 |
|
0 |
|a Financial institutions --
|x Management --
|z United States
|
| 700 |
1 |
|
|a Cornett, Marcia Millon
|
| 997 |
|
|
|a Business & Accountancy, Faculty
|
| 998 |
|
|
|a Finance, Degree
|
| 999 |
|
|
|a 0000072340
|b BOK
|c OPEN SHELF
|e SHAH ALAM
|